No change for agency (Record no. 65319)

MARC details
000 -LEADER
fixed length control field 01732cam a2200241 4500
001 - CONTROL NUMBER
control field ABS63214
008 - FIXED-LENGTH DATA ELEMENTS--GENERAL INFORMATION
fixed length control field 000000n2000 000 0 eng u
035 ## - SYSTEM CONTROL NUMBER
System control number (Sirsi) u109429
100 ## - MAIN ENTRY--PERSONAL NAME
Personal name Baker, L
245 ## - TITLE STATEMENT
Title No change for agency
260 ## - PUBLICATION, DISTRIBUTION, ETC.
Date of publication, distribution, etc. 2000
490 ## - SERIES STATEMENT
Series statement Planning (for the Natural and Built Environment)
Volume/sequential designation 10 November 2000, 10(1)
520 ## - SUMMARY, ETC.
Summary, etc. Looks at the Planning Inspectorate's role in planning appeals, and considers whether its involvement is compatible with the Human Rights Act 1998. Recent planning cases, including the "County Properties" case, have argued that the inspectorate, as a government agency, is unable to provide 'an independent and impartial tribunal" as required in Article 6 of the European Convention on Human Rights. Discusses the research and findings of the five-yearly review group, set up by government to establish whether the inspectorate should keep its status, or be separated from the DETR. Provides arguments for and against the review group's decision to allow the inspectorate to remain an executive agency. Some argue that despite this decision, it will ultimately be the courts decision on whether this arrangement can work with human rights legislation. "The Review of the Planning Inspectorate Executive Agency Report of Stage One - Organisational Options" is available from the DETR (tel) 0870 1226 236.
590 ## - LOCAL NOTE (RLIN)
Local note ABS
650 ## - SUBJECT ADDED ENTRY--TOPICAL TERM
Topical term or geographic name entry element PLANNING INSPECTORATE
650 ## - SUBJECT ADDED ENTRY--TOPICAL TERM
Topical term or geographic name entry element PLANNING APPEALS
650 ## - SUBJECT ADDED ENTRY--TOPICAL TERM
Topical term or geographic name entry element EXECUTIVE AGENCY
650 ## - SUBJECT ADDED ENTRY--TOPICAL TERM
Topical term or geographic name entry element REVIEW
650 ## - SUBJECT ADDED ENTRY--TOPICAL TERM
Topical term or geographic name entry element HUMAN RIGHTS ACT 1998
650 ## - SUBJECT ADDED ENTRY--TOPICAL TERM
Topical term or geographic name entry element CONVENTION FOR THE PROTECTION OF HUMAN RIGHTS AND FUNDAMENTAL FREEDOMS ART 6
690 ## - LOCAL SUBJECT ADDED ENTRY--TOPICAL TERM (OCLC, RLIN)
Topical term or geographic name as entry element ENVIRONMENTAL AND LAND CONSULTANCY-PLANNING AND DEVELOPMENT
942 ## - ADDED ENTRY ELEMENTS (KOHA)
Suppress in OPAC 0
Holdings
Withdrawn status Lost status Source of classification or shelving scheme Damaged status Not for loan Home library Current library Shelving location Date acquired Total Checkouts Full call number Barcode Date last seen Copy number Price effective from Koha item type
    Dewey Decimal Classification     London London Journal article 21/11/2000   ABS63214 109429-1001 06/08/2019 1 06/08/2019 Journal article